000 00743cam a22002171 4500
001 he 68003847
003 DLC
005 20260227111507.0
008 870526r1964uuuuis 000 0 heb
010 _ahe 68003847
035 _a(OCoLC)15730270
040 _aDLC
_cTxU
_dTxU
_dDLC
050 0 0 _aBJ1287.A33
_bI3 1964
100 1 _aTeomim, Joseph ben Meir,
_dapproximately 1727-1792 or 1793.
245 1 0 _aMatan śekharan shel mitsṿot,
_cḥibur me-et Yosef Teʼomim, kolel shemoneh ḥaḳirot be-ʻinyan śakhar ṿa-ʻonesh.
260 _aYerushalayim,
_c725 [1964/65]
300 _a27 p.
_c22 cm.
500 _aPhoto-offset.
501 _aBound with Alami, Solomon. Igeret musar. [Jerusalem, 1964/65]
650 0 _aReward (Theology)
999 _c33996
_d33996